000
00262nam a2200097Ia 4500
082
_a
R 510 BOLT
245
0
_a
The story of an African game
100
_a
ODENDAAL, Andre Claremont, 2003
_9
55139
942
_c
BK
008
210817s9999 xx 000 0 und d
999
_c
293387
_d
293387